| 000 | 00565cam a22001814a 4500 | ||
|---|---|---|---|
| 020 | _a1559636947 (paper : alk. paper) | ||
| 020 | _a1559636939 (cloth : alk. paper) | ||
| 040 | _cDLC | ||
| 082 | 0 | 0 | _a333 ISI 1999 |
| 245 | 0 | 0 |
_aUnmanaged landscapes : _bvoices for untamed nature / |
| 260 |
_aWashington, D.C. : _bIsland Press, _cc1999. |
||
| 300 |
_axiii, 251 p. ; _c23 cm. |
||
| 650 | 0 | _aWilderness areas | |
| 650 | 0 | _aEcosystem management. | |
| 700 | 1 | _aWillers, W. B., | |
| 856 | 4 | 2 | _uhttp://www.loc.gov/catdir/enhancements/fy0666/99018456-d.html |
| 942 | _cEK | ||
| 999 |
_c11315 _d11315 |
||